00984cam a2200277 a 450000100090000000300120000900500170002100800410003801000170007902000190009604000180011504200080013305000220014108200190016308400230018224501100020526000360031530000490035150200060040050400510040652001150045765000160057265000230058865000670061170000280067816983117Nust- CAS-E20180118181404.0110929s2012 njua b 001 0 eng  a 2011040044 a9781118022320  aDLCcDLCdDLC apcc00aTJ825b.W555 201100a621.312136223 aTEC0310002bisacsh00aWind resource assessment :ba practical guide to developing a wind project /cMichael Brower... [et al.]. aHoboken, N.J. :bWiley,cc2012. axvi, 280 p. :bill. (chiefly col.) ;c25 cm. a0 aIncludes bibliographical references and index. a"This is a practical , authoritative guide for the most important phase in developing a wind energy project"-- 0aWind power. 0aWind power plants. 7aTECHNOLOGY & ENGINEERING / Power Resources / General.2bisacsh1 aBrower, Michael,d1960-